[Event "IND-ch U19"]
[White "Rahul, Srivatshav P"]
[Black "Sanjay, DG."]
[Site "New Delhi"]
[Round "2"]
[Result "1-0"]
[Date "2018.11.29"]
[WhiteElo "2391"]
[BlackElo "1863"]
[PlyCount "79"]
[EventDate "2018.11.28"]
[EventType "swiss"]
[EventRounds "11"]
[EventCountry "IND"]
[SourceTitle "CBM 187 Extra"]
[Source "ChessBase"]
[SourceDate "2018.11.04"]
[SourceVersion "1"]
[SourceVersionDate "2018.11.04"]
[SourceQuality "1"]

1. d4 Nf6 2. Nf3 c5 3. d5 b5 4. c4 g6 5. cxb5 a6 6. bxa6 Bxa6 7. Nc3 d6 8. e4 Bxf1 9. Kxf1 Nbd7 10. g3 Bg7 11. Kg2 0-0 12. a4 Qa5 13. Re1 Rfb8 14. e5 dxe5 15. Nxe5 Nxe5 16. Rxe5 Rb7 17. Qf3 Ne8 18. Re2 Nd6 19. Ne4 Nxe4 20. Qxe4 Qb4 21. Qf3 Rd8 22. Bg5 Qb3 23. Qxb3 Rxb3 24. Rxe7 h6 25. Re3 Rxe3 26. Bxd8 Rd3 27. Rc1 Rxd5 28. Bb6 Bxb2 29. Rxc5 Rd2 30. Rc8+ Kg7 31. Be3 Rd3 32. Rc2 Bd4 33. Rd2 Rxd2 34. Bxd2 h5 35. a5 Kf6 36. a6 Ke6 37. Be3 Bxe3 38. fxe3 Kd7 39. a7 Kc7 40. a8Q 1-0

[Event "Gujarat op 1st"]
[White "Sanjay, DG."]
[Black "Karthik, Venkataraman"]
[Site "Ahmedabad"]
[Round "1"]
[Result "0-1"]
[Date "2018.10.05"]
[WhiteElo "1974"]
[BlackElo "2525"]
[PlyCount "62"]
[EventDate "2018.10.05"]
[EventType "swiss"]
[EventRounds "10"]
[EventCountry "IND"]
[SourceTitle "CBM 186 Extra"]
[Source "ChessBase"]
[SourceDate "2018.08.24"]
[SourceVersion "1"]
[SourceVersionDate "2018.08.24"]
[SourceQuality "1"]

1. Nf3 c5 2. c4 Nc6 3. Nc3 g6 4. g3 Bg7 5. Bg2 e6 6. d3 Nge7 7. Bg5 h6 8. Bd2 d5 9. cxd5 exd5 10. Rc1 b6 11. 0-0 0-0 12. Qc2 Bg4 13. Qb1 d4 14. Nd1 Nd5 15. h3 Be6 16. Ne1 Qd7 17. Kh2 a5 18. Nc2 f5 19. b3 f4 20. g4 f3 21. Bxf3 Rxf3 22. exf3 Rf8 23. Ne1 Ne5 24. f4 Bxg4 25. hxg4 Qxg4 26. f3 Qh4+ 27. Kg2 Rxf4 28. Rh1 Qg5+ 29. Kf2 Rxf3+ 30. Nxf3 Qf5 31. Rh2 Nxf3 0-1

[Event "Chennai op 9th"]
[White "Ravichandran, Siddharth"]
[Black "Sanjay, DG."]
[Site "Chennai"]
[Round "1"]
[Result "1-0"]
[Date "2017.01.18"]
[WhiteElo "2391"]
[BlackElo "1771"]
[PlyCount "95"]
[EventDate "2017.01.18"]
[EventType "swiss"]
[EventRounds "10"]
[EventCountry "IND"]
[SourceTitle "CBM 176 Extra"]
[Source "ChessBase"]
[SourceDate "2017.03.02"]
[SourceVersion "1"]
[SourceVersionDate "2017.03.02"]
[SourceQuality "1"]

1. e4 c5 2. Nf3 d6 3. c3 Nf6 4. Be2 Nbd7 5. d3 e6 6. 0-0 Be7 7. Nbd2 0-0 8. d4 cxd4 9. cxd4 Qc7 10. b3 b6 11. Bb2 Bb7 12. Rc1 Qd8 13. Bd3 Rc8 14. Rxc8 Qxc8 15. Qe2 Qa8 16. b4 g6 17. a3 Rc8 18. Ne1 Bf8 19. f3 Bg7 20. g4 Nf8 21. Ng2 N6d7 22. h4 Qb8 23. Kf2 Qc7 24. Rh1 a5 25. b5 e5 26. d5 Nc5 27. Bc2 Qe7 28. Ne3 Nfd7 29. Ndc4 Bh8 30. a4 Bf6 31. Kf1 Bg7 32. Bc1 Bf8 33. h5 Qf6 34. hxg6 fxg6 35. Ke1 Be7 36. Qh2 Qf7 37. Qh3 Rf8 38. Ke2 Bc8 39. Qg2 Kh8 40. g5 Kg8 41. Ng4 Kh8 42. f4 Bb7 43. fxe5 dxe5 44. Bb2 Bxg5 45. Ncxe5 Nxe5 46. Nxe5 Qc7 47. Nxg6+ Kg8 48. Qxg5 1-0